Nói chuyện tâm lý

שמור ב:
מידע ביבליוגרפי
מחבר ראשי: Phạm Hoàng Gia
פורמט: ספר
שפה:Undetermined
יצא לאור: Hà Nội Thanh niên 1978
נושאים:
תגים: הוספת תג
אין תגיות, היה/י הראשונ/ה לתייג את הרשומה!
Thư viện lưu trữ: Trung tâm Học liệu Trường Đại học Cần Thơ
LEADER 00477nam a2200169Ia 4500
001 CTU_9282
008 210402s9999 xx 000 0 und d
082 |a 808.5 
082 |b Gi100n 
100 |a Phạm Hoàng Gia 
245 0 |a Nói chuyện tâm lý 
245 0 |c Phạm Hoàng Gia, Đỗ Cao Toàn 
260 |a Hà Nội 
260 |b Thanh niên 
260 |c 1978 
650 |a psychology, applied 
980 |a Trung tâm Học liệu Trường Đại học Cần Thơ